| 000 | 00679cam a22002175a 4500 | ||
|---|---|---|---|
| 001 | L142109 | ||
| 008 | 080123s2007 xxk f 000 0 eng d | ||
| 035 | _a(Sirsi) u142109 | ||
| 041 | 0 | _aeng | |
| 050 | 0 | 4 | _a333.33 $2 18 |
| 110 | 2 |
_aRoyal Institution of Chartered Surveyors _94900 |
|
| 245 | 0 | 0 |
_aRICS manual of estate agency law and practice _bUpdate 9 _bSeptember 2007 |
| 250 | _a2nd ed. | ||
| 260 |
_aLondon _bRICS _c2007 |
||
| 300 |
_a1 update _c30cm. |
||
| 490 | 0 |
_aRICS Manual of Estate Agency Law and Practice _vUpdate 9 |
|
| 650 | 2 | 4 | _aRICS MANUAL OF ESTATE AGENCY LAW AND PRACTICE |
| 651 | 4 |
_aUnited Kingdom _y |
|
| 690 | _aPROPERTY-PROPERTY AGENCY | ||
| 942 | _n0 | ||
| 999 |
_c107844 _d107844 |
||